[Event "Titled Tuesday intern op 13th Feb Early"]
[Site "Chess.com INT"]
[Date "2024.02.13"]
[Round "11"]
[White "Baum, Jonasz"]
[Black "Klekowski, Maciej"]
[Result "0-1"]
[WhiteElo "2400"]
[BlackElo "2477"]
[PlyCount "66"]
[EventDate "2024.02.13"]
[EventType "swiss (blitz)"]
[EventRounds "11"]
[EventCountry "USA"]
[SourceTitle "CB08_2024"]
[SourceDate "2024.02.21"]
[SourceVersion "1"]
[SourceVersionDate "2024.02.21"]
[SourceQuality "1"]

1. d4 f5 2. g3 Nf6 3. Bg2 g6 4. Nh3 Bg7 5. Nf4 d6 6. d5 c6 7. c4 e5 8. dxe6 Na6 9. h4 Nc5 10. h5 Nxe6 11. h6 Bf8 12. Nc3 Be7 13. b3 Nxf4 14. Bxf4 Be6 15. Qd2 Qa5 16. 0-0 Rd8 17. Qe3 Kf7 18. Rad1 g5 19. Bxg5 Ng4 20. Qd2 Bxg5 21. Qxg5 Qxc3 22. e4 Qf6 23. Qxf6+ Nxf6 24. exf5 Bxf5 25. Rd4 Rhe8 26. Rfd1 Re2 27. Rf4 Bg6 28. g4 Ke7 29. g5 Nd7 30. Rfd4 Nc5 31. f4 Ne6 32. f5 Bxf5 33. Rh4 Rg8 0-1

[Event "Titled Tuesday intern op 06th Feb Early"]
[Site "Chess.com INT"]
[Date "2024.02.06"]
[Round "6"]
[White "Doshi, Moksh Amitbhai"]
[Black "Klekowski, Maciej"]
[Result "1-0"]
[WhiteElo "2353"]
[BlackElo "2477"]
[PlyCount "55"]
[EventDate "2024.02.06"]
[EventType "swiss (blitz)"]
[EventRounds "11"]
[EventCountry "USA"]
[SourceTitle "CB07_2024"]
[SourceDate "2024.02.14"]
[SourceVersion "1"]
[SourceVersionDate "2024.02.14"]
[SourceQuality "1"]

1. d4 d5 2. c4 e6 3. Nf3 Nf6 4. Nc3 Be7 5. Bf4 0-0 6. e3 b6 7. Bd3 Bb7 8. cxd5 exd5 9. 0-0 c5 10. Ne5 Nc6 11. Qf3 cxd4 12. Nxc6 Bxc6 13. exd4 h6 14. Rfe1 Re8 15. Rac1 Qd7 16. h3 Nh7 17. Be5 Bg5 18. Bf5 Qb7 19. Rcd1 g6 20. Bc2 Rad8 21. Bb3 Be7 22. Bf4 Ng5 23. Bxg5 hxg5 24. Re5 Bb4 25. Nxd5 Bxd5 26. Bxd5 Qc7 27. Qf6 Kf8 28. Qh8# 1-0

[Event "Titled Tuesday intern op 06th Feb Early"]
[Site "Chess.com INT"]
[Date "2024.02.06"]
[Round "4"]
[White "Hakobyan, Aram"]
[Black "Klekowski, Maciej"]
[Result "1-0"]
[WhiteElo "2619"]
[BlackElo "2477"]
[PlyCount "153"]
[EventDate "2024.02.06"]
[EventType "swiss (blitz)"]
[EventRounds "11"]
[EventCountry "USA"]
[SourceTitle "CB07_2024"]
[SourceDate "2024.02.14"]
[SourceVersion "1"]
[SourceVersionDate "2024.02.14"]
[SourceQuality "1"]

1. d4 d5 2. Nf3 Nf6 3. c4 e6 4. Nc3 Be7 5. e3 0-0 6. cxd5 exd5 7. Bd3 c6 8. 0-0 Bg4 9. Qb3 Qb6 10. Qc2 Bh5 11. Ne5 Bg6 12. Nxg6 hxg6 13. Rb1 a5 14. Bd2 Nbd7 15. Kh1 Rfc8 16. Qd1 c5 17. dxc5 Nxc5 18. Bc2 Rd8 19. Ne2 Nfe4 20. Be1 Ne6 21. f3 Nf6 22. Bf2 Bc5 23. Nd4 Nxd4 24. exd4 Bd6 25. Bb3 Re8 26. Rc1 Bf4 27. Rc3 Qd6 28. g3 Bh6 29. Ba4 Rec8 30. Qb3 Rc7 31. Bb5 Rac8 32. Be1 Qe6 33. Qc2 Rxc3 34. Bxc3 Ne8 35. Qe2 Qxe2 36. Bxe2 b6 37. f4 g5 38. fxg5 Bxg5 39. Rf5 Bf6 40. Rxd5 g6 41. Rb5 Rc6 42. Bf3 Rd6 43. Rd5 Kf8 44. Rxd6 Nxd6 45. Kg2 Ke7 46. Bg4 Nb5 47. Be2 Nxd4 48. Bd3 Ne6 49. Bxf6+ Kxf6 50. Kf3 Ke5 51. Ke3 Nd4 52. h4 f5 53. Bc4 Nc6 54. Bf7 Kf6 55. Be8 Ne5 56. Kd4 Nf3+ 57. Kd5 Nd2 58. Bb5 Ne4 59. g4 Nf2 60. g5+ Ke7 61. Kc6 Nd1 62. Kxb6 Nxb2 63. Kxa5 Kd6 64. Kb4 f4 65. a4 f3 66. a5 f2 67. a6 Kc7 68. Kc3 Na4+ 69. Kd4 Kb6 70. Bf1 Nc5 71. a7 Nb3+ 72. Kc3 Nd2 73. Kxd2 Kxa7 74. Ke3 Kb6 75. Kxf2 Kc7 76. Kg3 Kd6 77. Bd3 1-0

[Event "Titled Tuesday intern op 06th Feb Late"]
[Site "Chess.com INT"]
[Date "2024.02.06"]
[Round "2"]
[White "Klekowski, Maciej"]
[Black "Adury, Anant"]
[Result "1-0"]
[WhiteElo "2477"]
[BlackElo "2076"]
[PlyCount "65"]
[EventDate "2024.02.06"]
[EventType "swiss (blitz)"]
[EventRounds "11"]
[EventCountry "USA"]
[SourceTitle "CB07_2024"]
[SourceDate "2024.02.14"]
[SourceVersion "1"]
[SourceVersionDate "2024.02.14"]
[SourceQuality "1"]

1. c4 Nf6 2. Nc3 g6 3. d4 Bg7 4. e4 0-0 5. h3 d6 6. Be3 c5 7. d5 e6 8. Nf3 exd5 9. exd5 Re8 10. Be2 Ne4 11. Nxe4 Rxe4 12. Qd2 Qb6 13. Rb1 Bf5 14. 0-0 Rxe3 15. Qxe3 Bxb1 16. Qe8+ Bf8 17. Rxb1 Qc7 18. Bd3 a5 19. Bc2 Ra7 20. Ba4 Qe7 21. Re1 Qxe8 22. Rxe8 Na6 23. a3 Kg7 24. Ng5 Nc7 25. Rc8 b6 26. Bc6 Be7 27. Ne4 f5 28. Nc3 Bf6 29. Na4 Na6 30. b3 Re7 31. Kf1 Nc7 32. g3 Bd4 33. Nxb6 1-0

[Event "Titled Tuesday intern op 06th Feb Early"]
[Site "Chess.com INT"]
[Date "2024.02.06"]
[Round "5"]
[White "Klekowski, Maciej"]
[Black "Belov, Alexei"]
[Result "1-0"]
[WhiteElo "2477"]
[BlackElo "2421"]
[PlyCount "59"]
[EventDate "2024.02.06"]
[EventType "swiss (blitz)"]
[EventRounds "11"]
[EventCountry "USA"]
[SourceTitle "CB07_2024"]
[SourceDate "2024.02.14"]
[SourceVersion "1"]
[SourceVersionDate "2024.02.14"]
[SourceQuality "1"]

1. e4 e6 2. Nc3 d5 3. d3 Nf6 4. g4 h6 5. Bg2 dxe4 6. Nxe4 Nxe4 7. Bxe4 Nd7 8. Bg2 Nf6 9. h3 Bd6 10. Ne2 c5 11. Nc3 a6 12. Be3 Qc7 13. Qf3 Rb8 14. h4 Bd7 15. g5 Bc6 16. Qh3 hxg5 17. Bxg5 Bxg2 18. Qxg2 Be5 19. Bd2 g6 20. 0-0-0 Kf8 21. Rde1 Kg7 22. Kb1 Bf4 23. Be3 Rh5 24. d4 Bxe3 25. fxe3 Rbh8 26. Rhf1 cxd4 27. exd4 Rf5 28. Rxf5 exf5 29. Qg5 Rh5 30. Qxf6+ 1-0

[Event "Titled Tuesday intern op 06th Feb Early"]
[Site "Chess.com INT"]
[Date "2024.02.06"]
[Round "8"]
[White "Klekowski, Maciej"]
[Black "Kanyamarala, Trisha"]
[Result "1-0"]
[WhiteElo "2477"]
[BlackElo "2243"]
[PlyCount "119"]
[EventDate "2024.02.06"]
[EventType "swiss (blitz)"]
[EventRounds "11"]
[EventCountry "USA"]
[SourceTitle "CB07_2024"]
[SourceDate "2024.02.14"]
[SourceVersion "1"]
[SourceVersionDate "2024.02.14"]
[SourceQuality "1"]

1. e4 c5 2. Nf3 Nc6 3. c3 Nf6 4. e5 Nd5 5. Bc4 Nb6 6. Bb3 c4 7. Bc2 d6 8. exd6 Qxd6 9. 0-0 Bg4 10. h3 Bh5 11. Re1 0-0-0 12. b3 Ne5 13. Rxe5 Bxf3 14. Qe1 Bc6 15. Na3 f6 16. Ra5 Kb8 17. bxc4 Qc7 18. c5 Nd5 19. Nc4 Nf4 20. Be4 Nd3 21. Qe2 Bxe4 22. Qxe4 Nxc5 23. Qe3 e5 24. d4 Na6 25. Rxa6 Qxc4 26. Ra5 exd4 27. Qg3+ Bd6 28. Bf4 Bxf4 29. Qxf4+ Qc7 30. Qxc7+ Kxc7 31. cxd4 Rxd4 32. Rxa7 Rhd8 33. Kh2 Rd2 34. Rb1 Rxf2 35. Rbxb7+ Kc6 36. Rxg7 Rdd2 37. a4 f5 38. Ra6+ Kc5 39. Rh6 f4 40. Rhxh7 f3 41. Rh5+ Kd4 42. Rhg5 Kc4 43. Rg4+ Kc5 44. h4 Kb6 45. h5 fxg2 46. Rxg2 Rxg2+ 47. Rxg2 Rd5 48. Rg6+ Ka5 49. h6 Rh5+ 50. Kg3 Kxa4 51. Rg4+ Kb5 52. Rh4 Rg5+ 53. Kf4 Rg8 54. h7 Rh8 55. Kg5 Kc6 56. Kg6 Kd6 57. Kg7 Rd8 58. h8Q Rd7+ 59. Kf6 Kd5 60. Qa8+ 1-0

[Event "Titled Tuesday intern op 06th Feb Early"]
[Site "Chess.com INT"]
[Date "2024.02.06"]
[Round "1"]
[White "Novak, Ratko"]
[Black "Klekowski, Maciej"]
[Result "0-1"]
[WhiteElo "2037"]
[BlackElo "2477"]
[PlyCount "51"]
[EventDate "2024.02.06"]
[EventType "swiss (blitz)"]
[EventRounds "11"]
[EventCountry "USA"]
[SourceTitle "CB07_2024"]
[SourceDate "2024.02.14"]
[SourceVersion "1"]
[SourceVersionDate "2024.02.14"]
[SourceQuality "1"]

1. d4 d5 2. c4 e6 3. cxd5 exd5 4. Nc3 Nf6 5. Bg5 c6 6. f3 Be6 7. e4 dxe4 8. fxe4 h6 9. Bh4 Nbd7 10. Nf3 Qa5 11. Qd2 Bb4 12. Bd3 g5 13. Bg3 Nh5 14. Be5 Nxe5 15. Nxe5 Rd8 16. 0-0 Rxd4 17. Nxf7 Bxf7 18. Rxf7 Kxf7 19. Qf2+ Nf4 20. Bc2 Bc5 21. Kh1 Rd1+ 22. Nxd1 Bxf2 23. Nxf2 Qd2 24. Bb3+ Kg7 25. Rf1 Rf8 26. g3 0-1

[Event "Titled Tuesday intern op 06th Feb Early"]
[Site "Chess.com INT"]
[Date "2024.02.06"]
[Round "10"]
[White "Sierra Vallina, Lionel"]
[Black "Klekowski, Maciej"]
[Result "0-1"]
[WhiteElo "2275"]
[BlackElo "2477"]
[PlyCount "40"]
[EventDate "2024.02.06"]
[EventType "swiss (blitz)"]
[EventRounds "11"]
[EventCountry "USA"]
[SourceTitle "CB07_2024"]
[SourceDate "2024.02.14"]
[SourceVersion "1"]
[SourceVersionDate "2024.02.14"]
[SourceQuality "1"]

1. c4 e5 2. Nc3 Nc6 3. Nf3 f5 4. g3 Nf6 5. Bg2 Be7 6. d3 0-0 7. 0-0 d6 8. Bd2 Qe8 9. Qc1 Kh8 10. Rb1 a5 11. a3 Qh5 12. b4 axb4 13. axb4 e4 14. dxe4 fxe4 15. Ng5 Nd4 16. Ngxe4 Ng4 17. h3 Ne5 18. Be3 Bxh3 19. Bxd4 Ng4 20. Ng5 Bxg2 0-1

[Event "Chessable Masters Play In"]
[Site "Chess.com INT"]
[Date "2024.01.31"]
[Round "5"]
[White "Aronian, Levon"]
[Black "Klekowski, Maciej"]
[Result "1-0"]
[WhiteElo "2725"]
[BlackElo "2477"]
[PlyCount "63"]
[EventDate "2024.01.31"]
[EventType "swiss (rapid)"]
[EventRounds "9"]
[EventCountry "USA"]
[SourceTitle "CB06_2024"]
[SourceDate "2024.02.07"]
[SourceVersion "1"]
[SourceVersionDate "2024.02.07"]
[SourceQuality "1"]

1. e4 c5 2. Nf3 e6 3. c3 Nf6 4. Bd3 Nc6 5. Bc2 e5 6. 0-0 d5 7. Ba4 dxe4 8. Nxe5 Bd6 9. Nxc6 bxc6 10. Bxc6+ Kf8 11. Bxa8 Bxh2+ 12. Kxh2 Ng4+ 13. Kg1 Qh4 14. Qxg4 Bxg4 15. d3 Be2 16. Re1 Bxd3 17. Be3 f5 18. Bd5 Ke7 19. Nd2 Rd8 20. Nf3 Qg4 21. Bxc5+ Kf6 22. Bd4+ Ke7 23. Ne5 Qg5 24. Nc6+ Kd6 25. Nxd8 Kxd5 26. Nf7 Qh4 27. Ne5 f4 28. Nxd3 exd3 29. Re5+ Kd6 30. Rd1 f3 31. gxf3 Qh6 32. Re3 1-0

[Event "Chessable Masters Play In"]
[Site "Chess.com INT"]
[Date "2024.01.31"]
[Round "2"]
[White "Golubev, Mikhail"]
[Black "Klekowski, Maciej"]
[Result "0-1"]
[WhiteElo "2461"]
[BlackElo "2477"]
[PlyCount "72"]
[EventDate "2024.01.31"]
[EventType "swiss (rapid)"]
[EventRounds "9"]
[EventCountry "USA"]
[SourceTitle "CB06_2024"]
[SourceDate "2024.02.07"]
[SourceVersion "1"]
[SourceVersionDate "2024.02.07"]
[SourceQuality "1"]

1. e4 c5 2. Nf3 e6 3. d4 cxd4 4. Nxd4 Nc6 5. Nc3 a6 6. Be3 Nf6 7. Bd3 Qc7 8. 0-0 b5 9. Nxc6 dxc6 10. a4 Bb7 11. f4 b4 12. Nb1 c5 13. Nd2 c4 14. Nxc4 Nxe4 15. f5 e5 16. Qe2 f6 17. Qh5+ Qf7 18. Qxf7+ Kxf7 19. Nb6 Rd8 20. Bc4+ Ke8 21. Rfd1 Bc5 22. Bxc5 Nxc5 23. Bd5 Bxd5 24. Rxd5 Rxd5 25. Nxd5 a5 26. b3 Kf7 27. Ne3 g6 28. fxg6+ hxg6 29. Rd1 Ke6 30. Nc4 Nb7 31. h3 f5 32. Kf2 Rc8 33. h4 Rc6 34. Re1 Kf6 35. Re2 e4 36. Kg3 Nd6 0-1

[Event "Chessable Masters Play In"]
[Site "Chess.com INT"]
[Date "2024.01.31"]
[Round "9"]
[White "Niemann, Hans Moke"]
[Black "Klekowski, Maciej"]
[Result "0-1"]
[WhiteElo "2692"]
[BlackElo "2477"]
[PlyCount "118"]
[EventDate "2024.01.31"]
[EventType "swiss (rapid)"]
[EventRounds "9"]
[EventCountry "USA"]
[SourceTitle "CB06_2024"]
[SourceDate "2024.02.07"]
[SourceVersion "1"]
[SourceVersionDate "2024.02.07"]
[SourceQuality "1"]

1. e4 c5 2. Nf3 e6 3. b3 Nc6 4. Bb2 a6 5. c4 Qc7 6. g3 Nf6 7. e5 Ng4 8. Bg2 Ngxe5 9. Nxe5 Nxe5 10. 0-0 Nc6 11. Re1 Nd4 12. Nc3 Be7 13. Qg4 g6 14. Nd5 exd5 15. Bxd4 d6 16. Qh4 cxd4 17. Bxd5 Be6 18. Qxd4 0-0-0 19. Bxe6+ fxe6 20. Rxe6 d5 21. Qe3 Ba3 22. Qc3 a5 23. d4 Bb4 24. Qe3 dxc4 25. bxc4 Qd7 26. a3 Bd2 27. Qe2 Qxd4 28. Rd1 Rd7 29. Re4 Qd3 30. Qg4 Rhd8 31. Re2 Qf5 32. Qxf5 gxf5 33. Re5 f4 34. Kg2 Rd3 35. a4 R3d4 36. Re2 R8d7 37. g4 Kc7 38. h4 Kc6 39. g5 Kc5 40. Kf3 Kxc4 41. Re8 Kb3 42. h5 Rd3+ 43. Kg4 Kxa4 44. h6 b5 45. Rg8 Bc3 46. Rxd3 Rxd3 47. Rc8 b4 48. Rc4 Kb3 49. Rc7 Ka2 50. Rxh7 b3 51. Rb7 b2 52. g6 b1Q 53. Rxb1 Kxb1 54. Kxf4 Rd7 55. Kf5 a4 56. Ke6 Ra7 57. f4 a3 58. f5 a2 59. f6 a1Q 0-1

[Event "Titled Tuesday intern op 16th Jan Early"]
[Site "Chess.com INT"]
[Date "2024.01.16"]
[Round "6"]
[White "Klekowski, Maciej"]
[Black "Jia, Haoxiang"]
[Result "1-0"]
[WhiteElo "2477"]
[BlackElo "2331"]
[PlyCount "67"]
[EventDate "2024.01.16"]
[EventType "swiss (blitz)"]
[EventRounds "11"]
[EventCountry "USA"]
[SourceTitle "CB04_2024"]
[SourceDate "2023.10.16"]
[SourceVersion "1"]
[SourceVersionDate "2023.10.16"]
[SourceQuality "1"]

1. c4 Nf6 2. Nc3 g6 3. g3 Bg7 4. Bg2 0-0 5. e3 c6 6. d4 d5 7. b3 dxc4 8. bxc4 Nbd7 9. Nf3 Nb6 10. Qe2 Be6 11. Nd2 Bg4 12. f3 Be6 13. Ba3 Nfd7 14. Rc1 Rc8 15. 0-0 h5 16. h3 Re8 17. f4 Nf8 18. Nce4 Na4 19. g4 hxg4 20. hxg4 Qd7 21. Bh3 f5 22. Ng5 fxg4 23. Nxe6 gxh3 24. Nxg7 Kxg7 25. Kh1 Nh7 26. Nf3 Nf6 27. Rg1 Rh8 28. Rxg6+ Kf8 29. Rxf6+ Ke8 30. Ne5 Qc7 31. Qg4 c5 32. Rh6 Rf8 33. Qh5+ Kd8 34. Rh8 1-0

[Event "Titled Tuesday intern op 16th Jan Early"]
[Site "Chess.com INT"]
[Date "2024.01.16"]
[Round "8"]
[White "Klekowski, Maciej"]
[Black "Kacprzak, Kacper"]
[Result "1-0"]
[WhiteElo "2477"]
[BlackElo "2280"]
[PlyCount "91"]
[EventDate "2024.01.16"]
[EventType "swiss (blitz)"]
[EventRounds "11"]
[EventCountry "USA"]
[SourceTitle "CB04_2024"]
[SourceDate "2023.10.16"]
[SourceVersion "1"]
[SourceVersionDate "2023.10.16"]
[SourceQuality "1"]

1. c4 e6 2. Nf3 d5 3. e3 Nf6 4. b3 Bd6 5. Bb2 0-0 6. Qc2 Nc6 7. c5 Be7 8. d4 Ne4 9. a3 f5 10. b4 a6 11. Be2 Bd7 12. 0-0 g5 13. Ne1 g4 14. Nd3 Qe8 15. Nd2 h5 16. Nf4 Bg5 17. f3 Nxd2 18. Qxd2 Bxf4 19. exf4 Qg6 20. a4 Qg7 21. b5 axb5 22. axb5 Ne7 23. Ra5 Ng6 24. Rfa1 Rab8 25. fxg4 hxg4 26. g3 Kf7 27. Ra7 Rh8 28. c6 Bc8 29. b6 Kg8 30. Ra8 Rxa8 31. Rxa8 Kh7 32. Ra7 cxb6 33. cxb7 Bxb7 34. Ba6 Rb8 35. Qc3 Qd7 36. Ba3 Kh6 37. Bb4 Nh8 38. h4 gxh3 39. Kh2 Nf7 40. Kxh3 Nd8 41. Bf8+ Kg6 42. Bxb7 Rxb7 43. Ra1 Qh7+ 44. Kg2 Rc7 45. Qd3 Qh5 46. Rh1 1-0

[Event "Titled Tuesday intern op 16th Jan Early"]
[Site "Chess.com INT"]
[Date "2024.01.16"]
[Round "2"]
[White "Yurasov, Matfey"]
[Black "Klekowski, Maciej"]
[Result "1-0"]
[WhiteElo "2152"]
[BlackElo "2477"]
[PlyCount "125"]
[EventDate "2024.01.16"]
[EventType "swiss (blitz)"]
[EventRounds "11"]
[EventCountry "USA"]
[SourceTitle "CB04_2024"]
[SourceDate "2023.10.16"]
[SourceVersion "1"]
[SourceVersionDate "2023.10.16"]
[SourceQuality "1"]

1. e4 c5 2. Nf3 e6 3. g3 Nc6 4. Bg2 Nf6 5. d3 e5 6. 0-0 Be7 7. h3 0-0 8. Re1 Re8 9. c3 h6 10. d4 d6 11. Na3 Bf8 12. dxc5 dxc5 13. Qe2 Be6 14. Nd2 a6 15. Rd1 Qc7 16. Ndc4 Rad8 17. Ne3 Rxd1+ 18. Qxd1 Rd8 19. Nd5 Bxd5 20. exd5 Ne7 21. c4 Nf5 22. Nc2 b5 23. b3 Nd4 24. Bb2 Ne8 25. Rc1 bxc4 26. bxc4 Nd6 27. Qd3 g6 28. Nxd4 exd4 29. Re1 Qa5 30. Re2 Qa4 31. Rc2 Re8 32. Bc1 Nf5 33. Be4 Nd6 34. Bf3 Re1+ 35. Kg2 Nf5 36. Be4 Nd6 37. Bf3 h5 38. Bf4 Qb4 39. Bd2 Qb1 40. Bxe1 Qxe1 41. Rb2 Bg7 42. Rb6 Qc3 43. Qe2 d3 44. Qd1 Nxc4 45. Rb3 Qc2 46. Rxd3 Qxa2 47. d6 Bd4 48. Rxd4 Ne3+ 49. Kg1 Nxd1 50. Rxd1 Qa5 51. d7 Qd8 52. Bc6 Kg7 53. Re1 Qb6 54. Re8 Qxc6 55. d8Q Qb5 56. Re1 c4 57. Qd4+ Kg8 58. Rc1 Qb3 59. Qxc4 Qb2 60. Qc3 Qb5 61. Rd1 a5 62. Rd8+ Kh7 63. Rh8# 1-0

[Event "Titled Tuesday intern op 09th Jan Early"]
[Site "Chess.com INT"]
[Date "2024.01.09"]
[Round "7"]
[White "Isajevsky, Anton"]
[Black "Klekowski, Maciej"]
[Result "0-1"]
[WhiteElo "2417"]
[BlackElo "2477"]
[PlyCount "52"]
[EventDate "2024.01.09"]
[EventType "swiss (blitz)"]
[EventRounds "11"]
[EventCountry "USA"]
[SourceTitle "CB03_2024"]
[SourceDate "2024.01.17"]
[SourceVersion "1"]
[SourceVersionDate "2024.01.17"]
[SourceQuality "1"]

1. c4 e5 2. g3 Nc6 3. Bg2 f5 4. Nc3 Nf6 5. d3 Be7 6. Bg5 0-0 7. Nf3 d6 8. 0-0 Qe8 9. Bxf6 Bxf6 10. Rc1 g5 11. Nd5 Bd8 12. c5 Be6 13. Nd2 Qf7 14. Nc3 d5 15. e4 dxe4 16. dxe4 f4 17. Nd5 h5 18. Nc4 f3 19. Bh1 g4 20. Qd2 Qg7 21. Nce3 Nd4 22. Rfe1 c6 23. Nc3 h4 24. Nf5 Bxf5 25. exf5 Bg5 26. Qd3 Bxc1 0-1

[Event "Titled Tuesday intern op 09th Jan Early"]
[Site "Chess.com INT"]
[Date "2024.01.09"]
[Round "3"]
[White "Kashefi, Amir Hossein"]
[Black "Klekowski, Maciej"]
[Result "0-1"]
[WhiteElo "2193"]
[BlackElo "2477"]
[PlyCount "90"]
[EventDate "2024.01.09"]
[EventType "swiss (blitz)"]
[EventRounds "11"]
[EventCountry "USA"]
[SourceTitle "CB03_2024"]
[SourceDate "2024.01.17"]
[SourceVersion "1"]
[SourceVersionDate "2024.01.17"]
[SourceQuality "1"]

1. d4 f5 2. g3 g6 3. Bg2 Bg7 4. Nh3 Nf6 5. Nf4 e6 6. h4 d6 7. c4 e5 8. dxe5 dxe5 9. Qxd8+ Kxd8 10. Nd5 c6 11. Nxf6 Bxf6 12. Nc3 Be6 13. b3 Nd7 14. Bg5 Kc7 15. 0-0-0 Rhf8 16. Rd2 Rf7 17. Rhd1 Re8 18. Nd5+ cxd5 19. cxd5 Bxg5 20. hxg5 e4 21. Rc2+ Kb6 22. f4 Nc5 23. dxe6 Rxe6 24. b4 Na4 25. e3 Rc7 26. Rxc7 Kxc7 27. Rd2 Rc6+ 28. Rc2 Nc3 29. Kd2 Nd5 30. Rxc6+ Kxc6 31. a3 Kb5 32. g4 Ka4 33. gxf5 gxf5 34. Bh3 Ne7 35. Kc3 Kxa3 36. Kc4 b6 37. b5 Kb2 38. Kd4 Kc2 39. Ke5 Kd2 40. Ke6 Kxe3 41. Kxe7 Kxf4 42. Kf6 e3 43. Bf1 Ke4 44. Be2 f4 45. Kg7 f3 0-1

[Event "Titled Tuesday intern op 09th Jan Early"]
[Site "Chess.com INT"]
[Date "2024.01.09"]
[Round "5"]
[White "Klekowski, Maciej"]
[Black "Djokic, Mihailo"]
[Result "1/2-1/2"]
[WhiteElo "2477"]
[BlackElo "2139"]
[PlyCount "127"]
[EventDate "2024.01.09"]
[EventType "swiss (blitz)"]
[EventRounds "11"]
[EventCountry "USA"]
[SourceTitle "CB03_2024"]
[SourceDate "2024.01.17"]
[SourceVersion "1"]
[SourceVersionDate "2024.01.17"]
[SourceQuality "1"]

1. c4 e5 2. Nc3 Nc6 3. g3 Bc5 4. Bg2 d6 5. e3 Bf5 6. d3 h5 7. h3 a6 8. Nge2 Ba7 9. 0-0 Qd7 10. Kh2 Nge7 11. e4 Be6 12. f4 f5 13. Nd5 0-0 14. Nec3 g6 15. fxe5 dxe5 16. Bg5 Kg7 17. Qd2 Ng8 18. exf5 Rxf5 19. Rxf5 Bxf5 20. Ne4 Rf8 21. Rf1 Nd4 22. Nef6 Rxf6 23. Nxf6 Nxf6 24. Bxf6+ Kxf6 25. g4 hxg4 26. hxg4 Qh7+ 27. Bh3 Ne6 28. gxf5 Nf4 29. Rxf4 exf4 30. Qxf4 g5 31. Qe4 Qe7 32. Qxe7+ Kxe7 33. Kg3 Bd4 34. b3 c5 35. Kf3 Bf6 36. Ke4 Kd6 37. Bg4 b6 38. Bh5 a5 39. Bf7 Bd4 40. Bd5 Be5 41. Kf3 Bf6 42. Kg4 Ke5 43. Be4 Kd4 44. Kh5 Kc3 45. Kg6 Bd8 46. f6 Kb2 47. Kxg5 Kxa2 48. Kf5 Bxf6 49. Kxf6 Kxb3 50. Bc6 a4 51. Bxa4+ Kxa4 52. Ke5 Kb4 53. Ke4 Kc3 54. Ke3 Kc2 55. Ke2 Kc3 56. Ke3 Kb3 57. Kd2 Kb2 58. Kd1 Kc3 59. Ke2 Kc2 60. Ke3 Kc3 61. Ke2 Kb4 62. Kd2 Kb3 63. Kd1 Kc3 64. Ke2 1/2-1/2

[Event "Titled Tuesday intern op 09th Jan Early"]
[Site "Chess.com INT"]
[Date "2024.01.09"]
[Round "11"]
[White "Klekowski, Maciej"]
[Black "Dominguez Perez, Leinier"]
[Result "1/2-1/2"]
[WhiteElo "2477"]
[BlackElo "2752"]
[PlyCount "140"]
[EventDate "2024.01.09"]
[EventType "swiss (blitz)"]
[EventRounds "11"]
[EventCountry "USA"]
[SourceTitle "CB03_2024"]
[SourceDate "2024.01.17"]
[SourceVersion "1"]
[SourceVersionDate "2024.01.17"]
[SourceQuality "1"]

1. c4 c5 2. Nc3 g6 3. g3 Bg7 4. Bg2 Nc6 5. b3 e6 6. Ba3 Qa5 7. Bb2 Nge7 8. e3 0-0 9. Nge2 d5 10. 0-0 Rd8 11. cxd5 exd5 12. Na4 Bxb2 13. Nxb2 Bg4 14. f3 Bd7 15. g4 Rac8 16. Ng3 b5 17. f4 c4 18. f5 Ne5 19. d4 cxd3 20. Nxd3 Qc3 21. Nxe5 Qxe5 22. Qd4 Nc6 23. Qxd5 Qxe3+ 24. Kh1 Ne7 25. Qe4 Qxe4 26. Nxe4 Bc6 27. Rae1 Bxe4 28. Rxe4 Nd5 29. fxg6 hxg6 30. Re5 Nc3 31. Re7 Rd1 32. Rxd1 Nxd1 33. Bd5 Rc5 34. Bxf7+ Kg7 35. Rxa7 Kf6 36. Kg2 g5 37. Kf3 Ke5 38. Bg6 Nc3 39. Bf5 Nd5 40. a4 Rc3+ 41. Ke2 b4 42. a5 Rxb3 43. a6 Ra3 44. Kd2 Kd4 45. Rd7 Rxa6 46. Kc2 Ke5 47. Kb3 Ra3+ 48. Kb2 Rh3 49. Rg7 Kf4 50. Rd7 Ke5 51. Rg7 Ne3 52. Rxg5 Nc4+ 53. Ka1 Kd4 54. Be6 Rxh2 55. Bxc4 Kxc4 56. Rf5 Rh1+ 57. Kb2 Rh2+ 58. Kb1 Kb3 59. Rf3+ Ka4 60. Rg3 Rh1+ 61. Kb2 Rh2+ 62. Kb1 Rh6 63. g5 Rg6 64. Kb2 Kb5 65. Rg4 Kc5 66. Kb3 Kd5 67. Rxb4 Ke5 68. Rb5+ Kf4 69. Kc4 Rxg5 70. Rxg5 Kxg5 1/2-1/2

[Event "EU-ch Blitz"]
[Site "Zagreb"]
[Date "2023.12.16"]
[Round "5"]
[White "Klekowski, Maciej"]
[Black "Burovic, Rijad"]
[Result "1-0"]
[WhiteElo "2477"]
[BlackElo "2438"]
[PlyCount "101"]
[EventDate "2023.12.16"]
[EventType "swiss (blitz)"]
[EventRounds "13"]
[EventCountry "CRO"]
[SourceTitle "CB51_2023"]
[SourceDate "2023.12.20"]
[SourceVersion "1"]
[SourceVersionDate "2023.12.20"]
[SourceQuality "1"]

1. c4 g6 2. Nc3 Bg7 3. g3 d6 4. Bg2 e5 5. e4 Nc6 6. Nge2 f5 7. d3 Nf6 8. 0-0 0-0 9. exf5 Bxf5 10. h3 h5 11. Bg5 Qd7 12. Kh2 Rae8 13. Qd2 Nh7 14. Be3 Nd4 15. Bxd4 exd4 16. Ne4 c6 17. b4 Nf6 18. Nxf6+ Bxf6 19. h4 Bg7 20. Rae1 Kh7 21. Ng1 Bh6 22. f4 Rxe1 23. Rxe1 Re8 24. Bh3 Bxh3 25. Nxh3 Re7 26. Kg2 Qe8 27. Rxe7+ Qxe7 28. Ng1 Bg7 29. Nf3 Bf6 30. Kf2 Kg7 31. Qe2 Qxe2+ 32. Kxe2 Kf7 33. Nd2 Ke6 34. Nb3 b6 35. Kf3 d5 36. c5 b5 37. Na5 Kd7 38. f5 gxf5 39. Kf4 Ke6 40. Nxc6 a6 41. a3 Kd7 42. Kxf5 Bg7 43. Ne5+ Ke7 44. Ng6+ Kd7 45. Nf4 Kc6 46. Nxh5 Bh6 47. Nf4 a5 48. g4 axb4 49. axb4 Bf8 50. Ne6 Be7 51. g5 1-0

[Event "EU-ch Blitz"]
[Site "Zagreb"]
[Date "2023.12.16"]
[Round "8"]
[White "Martirosyan, Haik M"]
[Black "Klekowski, Maciej"]
[Result "1-0"]
[WhiteElo "2678"]
[BlackElo "2477"]
[PlyCount "73"]
[EventDate "2023.12.16"]
[EventType "swiss (blitz)"]
[EventRounds "13"]
[EventCountry "CRO"]
[SourceTitle "CB51_2023"]
[SourceDate "2023.12.20"]
[SourceVersion "1"]
[SourceVersionDate "2023.12.20"]
[SourceQuality "1"]

1. d4 Nf6 2. c4 e6 3. Nf3 b6 4. g3 Bb7 5. Bg2 Be7 6. 0-0 0-0 7. Nc3 Ne4 8. Bd2 d5 9. cxd5 exd5 10. Rc1 Nd7 11. Bf4 Nxc3 12. Rxc3 c5 13. b3 a5 14. Rc1 Re8 15. Qc2 a4 16. Rfd1 h6 17. dxc5 bxc5 18. Ne1 axb3 19. Qxb3 Nb6 20. Rb1 Ra6 21. Qb5 Qa8 22. Nd3 Bc6 23. Qb2 Nc4 24. Qc1 Rxa2 25. e4 Na3 26. exd5 Rc2 27. dxc6 Rxc1 28. Rbxc1 c4 29. Ne5 Bc5 30. Bd5 Rc8 31. Bxf7+ Kh8 32. Be6 Rxc6 33. Bd5 Bxf2+ 34. Kh1 Qa5 35. Bxc6 g5 36. Bd2 Qxe5 37. Bc3 1-0